Geografía del consumo (Registro nro. 5215)
[ vista simple ]
| 000 -LEADER | |
|---|---|
| fixed length control field | 01283 a2200205 4500 |
| 001 - CONTROL NUMBER | |
| control field | 53360 |
| 005 - DATE AND TIME OF LATEST TRANSACTION | |
| control field | 20260407155808.0 |
| 008 - FIXED-LENGTH DATA ELEMENTS--GENERAL INFORMATION | |
| fixed length control field | 260407a1972 arg spa d |
| 003 - CONTROL NUMBER IDENTIFIER | |
| control field | AR-UNSa-BCEJYS |
| 040 ## - CATALOGING SOURCE | |
| Original cataloging agency | AR-UNSa-BCEJYS |
| Language of cataloging | spa |
| Transcribing agency | AR-UNSa-BCEJYS |
| 080 ## - UNIVERSAL DECIMAL CLASSIFICATION NUMBER | |
| Universal Decimal Classification number | 330.123.4 |
| Common auxiliary subdivision | Bienes de consumo (consumibles) |
| 041 ## - LANGUAGE CODE | |
| Language code of text/sound track or separate title | spa |
| 100 1# - MAIN ENTRY--PERSONAL NAME | |
| Personal name | George, Pierre |
| 245 10 - TITLE STATEMENT | |
| Title | Geografía del consumo |
| 264 #1 - PRODUCTION, PUBLICATION, DISTRIBUTION, MANUFACTURE, AND COPYRIGHT NOTICE | |
| Place of production, publication, distribution, manufacture | Barcelona : |
| Name of producer, publisher, distributor, manufacturer | Oikos-tau |
| Date of production, publication, distribution, manufacture, or copyright notice | 1972 |
| 300 ## - PHYSICAL DESCRIPTION | |
| Extent | 118 p. |
| Dimensions | 17 cm. |
| 505 ## - FORMATTED CONTENTS NOTE | |
| Formatted contents note | Primera parte: Geografía del subconsumo - I. La obsesión de las necesidades alimenticias - II. Los problemas del desarrollo del consumo - Segunda parte: Ciento cincuenta años de desarrollo del consumo - I. La evolución del consumo alimenticio - II. La multiplicación de las ofertas de productos industriales de consumo y uso - III. Consumo y prestaciones de servicio destinados a la protección y a la promoción individuales - IV. La influencia de la coyuntura y de las estructuras económicas,demográficas y sociales - Tercera parte: Geografía y sociología del consumo en los países más desarrollados - I. El consumo rural - II. El consumo urbano - III. Ojeada a la diversidad geográfica del consumo en los países industriales |
| 590 ## - LOCAL NOTE (RLIN) | |
| Local note | niveau_biblio:m niveau_hierar:0 |
| 942 ## - ADDED ENTRY ELEMENTS (KOHA) | |
| Koha item type | |
| Withdrawn status | Lost status | Damaged status | Not for loan | Home library | Current library | Shelving location | Date acquired | Total checkouts | Full call number | Barcode | Date last seen | Price effective from | Koha item type |
|---|---|---|---|---|---|---|---|---|---|---|---|---|---|
| Biblioteca Prof. Eusebio Cleto del Rey | Biblioteca Prof. Eusebio Cleto del Rey | 07/04/2026 | 330.123.4 G346 | L35807 | 07/04/2026 | 07/04/2026 | Libro | ||||||
| Biblioteca Prof. Eusebio Cleto del Rey | Biblioteca Prof. Eusebio Cleto del Rey | 07/04/2026 | 330.123.4 G346 | L35808 | 07/04/2026 | 07/04/2026 | Libro | ||||||
| Biblioteca Prof. Eusebio Cleto del Rey | Biblioteca Prof. Eusebio Cleto del Rey | 07/04/2026 | 330.123.4 G346 | L33485 | 07/04/2026 | 07/04/2026 | Libro | ||||||
| Biblioteca Prof. Eusebio Cleto del Rey | Biblioteca Prof. Eusebio Cleto del Rey | 07/04/2026 | 330.123.4 G346 | L33486 | 07/04/2026 | 07/04/2026 | Libro | ||||||
| Biblioteca Prof. Eusebio Cleto del Rey | Biblioteca Prof. Eusebio Cleto del Rey | 07/04/2026 | 330.123.4 G346 | L35826 | 07/04/2026 | 07/04/2026 | Libro | ||||||
| Biblioteca Prof. Eusebio Cleto del Rey | Biblioteca Prof. Eusebio Cleto del Rey | 07/04/2026 | 330.123.4 G346 | L35827 | 07/04/2026 | 07/04/2026 | Libro |